| Tag |
First Indicator |
Second Indicator |
Subfields |
| LEADER |
00000ctm a2200000Ia 4500 |
| 001 |
in00001782321 |
| 005 |
20151025115732.0 |
| 007 |
he bmb024baca |
| 008 |
030823s2000 xx a bbm 000 0 eng d |
| 035 |
|
|
|a (OCoLC)ocm52902213
|
| 037 |
|
|
|a HE 744
|b Kinesiology Publications
|
| 040 |
|
|
|a ORU
|c MUU
|d MUU
|d HPE
|d UtOrBLW
|
| 049 |
|
|
|a TXAM
|
| 090 |
|
|
|a QP123
|b .M55 2000a
|
| 092 |
|
|
|a 612.21
|
| 100 |
1 |
|
|a Miller, Jordan,
|d 1926-
|
| 245 |
1 |
4 |
|a The cardiopulmonary effects of an inelastic chest wall restriction /
|c by Jordan Miller.
|
| 264 |
|
1 |
|a [Place of publication not identified] :
|b [publisher not identified] ;
|c 2000.
|
| 300 |
|
|
|a xii, 128 leaves :
|b illustrations
|
| 336 |
|
|
|a text
|b txt
|2 rdacontent
|
| 337 |
|
|
|a microform
|b h
|2 rdamedia
|
| 338 |
|
|
|a microfiche
|b he
|2 rdacarrier
|
| 502 |
|
|
|b M.S.
|c La Crosse
|d 2000.
|
| 504 |
|
|
|a Includes bibliographical references (leaves 108-114).
|
| 533 |
|
|
|a Microfiche.
|b Eugene :
|c Kinesiology Publications, University of Oregon,
|d 2003.
|e 2 microfiches : negative.
|n "UO 03 65--UO 03 66."
|
| 500 |
|
|
|a Microform.
|
| 650 |
|
0 |
|a Respiration.
|
| 650 |
|
0 |
|a Cardiopulmonary system.
|
| 650 |
|
0 |
|a Heart failure.
|
| 650 |
|
0 |
|a Pulmonary function tests.
|
| 650 |
|
0 |
|a Lungs
|x Physiology.
|
| 994 |
|
|
|a 92
|b TXA
|
| 948 |
|
|
|a cataloged
|b h
|c 2003/11/4
|d c
|e blrosas
|f 12:04:33 pm
|
| 999 |
|
|
|a MARS
|
| 999 |
f |
f |
|s f37e99ca-7bf6-3d1f-b747-8ebc9a27cf5c
|i 534819ec-0946-3276-8104-5937bbb87da2
|t 0
|
| 952 |
f |
f |
|p normal
|a Texas A&M University
|b College Station
|c Sterling C. Evans Library
|d Evans: Microforms Fiche (3rd floor)
|t 0
|e QP123 .M55 2000a
|h Library of Congress classification
|i microform -- microfiche
|m A14830747401
|
| 998 |
f |
f |
|a QP123 .M55 2000a
|t 0
|l Evans: Microforms Fiche (3rd floor)
|